| 000 | 006060000a22001810004500 | ||
|---|---|---|---|
| 003 | MACL | ||
| 005 | 20160608161806.0 | ||
| 008 | 160608b xxu||||| |||| 00| 0 eng d | ||
| 040 |
_aMACL _cMACL |
||
| 041 | _aHindi | ||
| 082 | _a934 | ||
| 100 |
_aराघव, रांगेय _937128 |
||
| 245 |
_aप्राचीन भारतीय परम्परा और इतिहास _cरांगेय राघव |
||
| 260 |
_bआत्माराम एण्ड संस _c1990 _aदिल्ली |
||
| 350 | _a250 | ||
| 650 |
_aHistory _963207 |
||
| 942 |
_cHIN _k934 _2ddc |
||
| 999 |
_c21674 _d21674 |
||